000
00273nam a2200109Ia 4500
008
200302s9999 xx 000 0 und d
100
_a
Lucinda Becker and Others
245
_a
Teaching in higher education
260
_b
Sage Publications Inc.
260
_c
2013
300
_a
163
999
_c
5924
_d
5924